| 000 | 00514nam a2200181Ia 4500 | ||
|---|---|---|---|
| 008 | 151018s9999 xx 000 0 und d | ||
| 082 |
_bRBASDV4547 _a891.463 |
||
| 100 | _aपु भा भावे | ||
| 245 | _aध्यास | ||
| 250 | _b1 | ||
| 260 |
_bकॉन्ठीनेटल बुक सर्विस _c1950 |
||
| 300 | _a169 | ||
| 600 | _aपु भा भावे | ||
| 630 | _aध्यास | ||
| 700 | _aपु भा भावे | ||
| 730 | _aध्यास | ||
| 942 | _cBOOK | ||
| 999 |
_c1006945 _d1006942 |
||